5HLuxD.jpg

KING HENRY VIII SENIOR AND PRIMARY SCHOOL LIBRARY OPAC

Essential grammar in use : (Record no. 276)

000 -LEADER
fixed length control field 01336cam a22003618i 4500
001 - CONTROL NUMBER
control field .b21253341
003 - CONTROL NUMBER IDENTIFIER
control field Uk
005 - DATE AND TIME OF LATEST TRANSACTION
control field 20190805093050.0
008 - FIXED-LENGTH DATA ELEMENTS--GENERAL INFORMATION
fixed length control field 150120s2015 enka 001 0 eng d
015 ## - NATIONAL BIBLIOGRAPHY NUMBER
National bibliography number GBB517664
Source bnb
020 ## - INTERNATIONAL STANDARD BOOK NUMBER
International Standard Book Number 9781107480551
Qualifying information (paperback) :
040 ## - CATALOGING SOURCE
Original cataloging agency StDuBDS
Language of cataloging eng
Transcribing agency StDuBDS
Description conventions rda
Modifying agency TWFJU
042 ## - AUTHENTICATION CODE
Authentication code nbic
082 0# - DEWEY DECIMAL CLASSIFICATION NUMBER
Classification number 428.24 MUR
100 1# - MAIN ENTRY--PERSONAL NAME
Personal name Murphy, Raymond,
Relator term author.
245 10 - TITLE STATEMENT
Title Essential grammar in use :
Remainder of title a self-study reference and practice book for elementary learners of English /
Statement of responsibility, etc. Raymond Murphy.
246 38 - VARYING FORM OF TITLE
Title proper/short title Essential grammar in use with answers.
250 ## - EDITION STATEMENT
Edition statement Fourth edition.
264 #1 - PRODUCTION, PUBLICATION, DISTRIBUTION, MANUFACTURE, AND COPYRIGHT NOTICE
Place of production, publication, distribution, manufacture Cambridge :
Name of producer, publisher, distributor, manufacturer Cambridge University Press,
Date of production, publication, distribution, manufacture, or copyright notice 2015.
300 ## - PHYSICAL DESCRIPTION
Extent 2 volumes :
Other physical details illustrations ;
Dimensions 27 cm.
336 ## - CONTENT TYPE
Content type term text
Source rdacontent.
336 ## - CONTENT TYPE
Content type term still image
Source rdacontent.
337 ## - MEDIA TYPE
Media type term unmediated
Source rdamedia.
338 ## - CARRIER TYPE
Carrier type term volume
Source rdacarrier.
500 ## - GENERAL NOTE
General note Includes index.
500 ## - GENERAL NOTE
General note "A self-study reference and practice book for elementary learners of English." -- Volume 1.
500 ## - GENERAL NOTE
General note "To accompany essential grammar in use fourth edition." -- Volume 2.
500 ## - GENERAL NOTE
General note with answer
650 #0 - SUBJECT ADDED ENTRY--TOPICAL TERM
Topical term or geographic name entry element English language
General subdivision Grammar.
650 #0 - SUBJECT ADDED ENTRY--TOPICAL TERM
Topical term or geographic name entry element English language
General subdivision Grammar
Form subdivision Problems, exercises, etc.
650 #0 - SUBJECT ADDED ENTRY--TOPICAL TERM
Topical term or geographic name entry element English language
Form subdivision Textbooks for foreign speakers.
942 ## - ADDED ENTRY ELEMENTS (KOHA)
Source of classification or shelving scheme
Koha item type Books - Non Ficton
Holdings
Withdrawn status Lost status Source of classification or shelving scheme Damaged status Not for loan Collection code Permanent Location Current Location Shelving location Date acquired Full call number Barcode Date last seen Copy number Price effective from Koha item type
          Non-Fiction KH8 Senior School Library KH8 Senior School Library Non Fiction 2019-08-05 428.24 MUR 3KHSL000100107 2019-08-05 1 2019-08-05 Books - Non Ficton
          Non-Fiction KH8 Senior School Library KH8 Senior School Library Non Fiction 2019-08-05 428.24 MUR 3KHSL000101034 2019-08-05 2 2019-08-05 Books - Non Ficton

Powered By KH8 IT Dept